Ethnic Diversity and Economic Instability in Africa Interdisciplinary Perspectives
Salvato in:
| Altri autori: | , , , |
|---|---|
| Natura: | Libro |
| Lingua: | inglese |
| Pubblicazione: |
Cambridge
Cambridge University Press
2014
|
| Soggetti: | |
| Tags: |
Nessun Tag, puoi essere il primo ad aggiungerne!!
|
MARC
| LEADER | 00000nam a2200000 4500 | ||
|---|---|---|---|
| 001 | 0257283 | ||
| 005 | 20240315121714.4 | ||
| 020 | |a 978-1-107-44300-6 | ||
| 020 | |a 978-1-107-02599-8 | ||
| 041 | 0 | |a eng | |
| 044 | |a GB | ||
| 245 | 1 | 0 | |a Ethnic Diversity and Economic Instability in Africa |b Interdisciplinary Perspectives |c Edited by: Hiroyuki Hino, John Lonsdale, Gustav Ranis, Frances Stewart |
| 264 | 1 | |a Cambridge |b Cambridge University Press |c 2014 | |
| 300 | |a 335 s. | ||
| 610 | 2 | 0 | |a etnikum |
| 610 | 2 | 0 | |a obyvateľstvo |
| 610 | 2 | 0 | |a spoločnosť |
| 610 | 2 | 0 | |a situácia hospodárska |
| 610 | 2 | 0 | |a rozvoj hospodársky |
| 610 | 2 | 0 | |a reformy hospodárske |
| 610 | 2 | 0 | |a politika |
| 610 | 2 | 0 | |a demonetizácia |
| 610 | 2 | 0 | |a chudoba |
| 610 | 2 | 0 | |a príjmy |
| 610 | 2 | 0 | |a nerovnosť |
| 610 | 2 | 0 | |a trh |
| 610 | 2 | 0 | |a nestabilita hospodárstva |
| 610 | 2 | 0 | |a experimenty |
| 610 | 2 | 0 | |a prognózy |
| 610 | 2 | 0 | |a Keňa |
| 610 | 2 | 0 | |a Afrika |
| 700 | 1 | |a Hino, Hiroyuki | |
| 700 | 1 | |a Lonsdale, John | |
| 700 | 1 | |a Ranis, Gustav | |
| 700 | 1 | |a Stewart, Frances | |